Ligue 1 2002-2003: Les Leaders par journée - Statistiques

Statistiques générales
  • Ce quiz a été pris 63 fois
  • Le résultat moyen est 6 sur 7
Statistiques - réponses
Réponse % Correct
Olympique de Marseille
100%
Olympique Lyonnais
100%
FC Nantes
97%
AS Monaco
86%
OGC Nice
86%
AJ Auxerre
76%
EA Guingamp
40%
Aucun quiz correspondant
Distribution des résultats
% des personnes avec chaque résultat
Percentile par nombre de réponses
Votre historique - résultats
Vous n’avez pas pris ce quiz